00422nam a22001451a 45000010005000000030004000050050017000090080041000260500017000671000035000842450083001192640026002023000010002286500038002385234OSt20260204212007.0051210s1994||||dr ||||||b||||||||||spa|| aRD 920 G165p aGarcía Domínguez, Bernardo aEl pensamiento vivo de Máximo Gómez Tomo I / Bernardo García Domínguez aSanto Domingo : CEDEE a228 p a1.Biografía - Maximo GómezÌ